000
00247 a2200097 4500
001
51734
100
_a
Muhammad Am
245
_a
Arabi Bole Chale, Tareeqa Jadid Wa Hissa Awel (Vol-I)
260
_a
Karachi
_b
Dar-Ul-Ishaat
_c
090
_c
32717
_d
32717
942
_a
NUST-CAE
_c
M
_c
25244
999
_c
286807
_d
286807